La Constitución Europea y el fin de la Europa Social /
Salvato in:
| Natura: | Libro |
|---|---|
| Lingua: | Spanish |
| Pubblicazione: |
San José, Costa Rica
DEI
2005
|
| Soggetti: | |
| Tags: |
Aggiungi Tag
Nessun Tag, puoi essere il primo ad aggiungerne!!
|
MARC
| LEADER | 00000nam a22000007a 4500 | ||
|---|---|---|---|
| 003 | cru CIDCACS/IIS | ||
| 005 | 20200118062536.0 | ||
| 008 | 181119b2005 cr ||||| |||| 00| 0 spa d | ||
| 999 | |c 41914 |d 41914 | ||
| 040 | |c cru CIDCACS/IIS | ||
| 090 | |a REV0750 (119) 2005 | ||
| 245 | |a La Constitución Europea y el fin de la Europa Social / |c Andrés Piqueras | ||
| 260 | |a San José, Costa Rica |b DEI |c 2005 | ||
| 300 | |a 23 - 25 páginas. | ||
| 650 | 0 | |9 425 |a CONSTITUCIONES | |
| 650 | 4 | |9 1934 |a MILITARISMO | |
| 650 | 0 | |a PARTICIPACION DEL ESTADO |9 4132 | |
| 650 | 0 | |9 2121 |a BIENESTAR SOCIAL | |
| 773 | 0 | |0 41641 |9 2420 |a Departamento Ecuménico de Investigaciones (DEI) |d San José, Costa Rica Departamento Ecuménico de Investigaciones (DEI) |o 20214 |t Pasos / | |
| 942 | |2 ddc |c PP | ||
